Phân tích rủi ro tín dụng tại Ngân hàng TMCP Đầu tư và Phát triển Việt Nam chi nhánh thành phố Cần Thơ : Luận văn Thạc sĩ Kinh tế. Chuyên ngành Tài chính - Ngân hàng

Đề tài phân tích các yếu tố ảnh hưởng đến rủi ro tín dụng đối với các khách hàng doanh nghiệp và khách hàng cá nhân nhằm đưa ra các giải pháp nâng cao chất lượng quản trị rủi ro tín dụng tại Ngân hàng TMCP Đầu tư và Phất triển Việt Nam -...

Volledige beschrijving

Bewaard in:
Bibliografische gegevens
Hoofdauteur: Châu, Phạm Anh Huy
Formaat: Boek
Taal:Undetermined
Gepubliceerd in: Cần Thơ Trường Đại học Cần Thơ 2015
Onderwerpen:
Tags: Voeg label toe
Geen labels, Wees de eerste die dit record labelt!
Thư viện lưu trữ: Trung tâm Học liệu Trường Đại học Cần Thơ
LEADER 01252nam a2200205Ia 4500
001 CTU_203767
008 210402s9999 xx 000 0 und d
082 |a 332.12 
082 |b H523 
100 |a Châu, Phạm Anh Huy 
245 0 |a Phân tích rủi ro tín dụng tại Ngân hàng TMCP Đầu tư và Phát triển Việt Nam chi nhánh thành phố Cần Thơ : 
245 0 |b Luận văn Thạc sĩ Kinh tế. Chuyên ngành Tài chính - Ngân hàng 
245 0 |c Châu Phạm Anh Huy ; Trương Quang Thông (Cán bộ hướng dẫn) 
260 |a Cần Thơ 
260 |b Trường Đại học Cần Thơ 
260 |c 2015 
520 |a Đề tài phân tích các yếu tố ảnh hưởng đến rủi ro tín dụng đối với các khách hàng doanh nghiệp và khách hàng cá nhân nhằm đưa ra các giải pháp nâng cao chất lượng quản trị rủi ro tín dụng tại Ngân hàng TMCP Đầu tư và Phất triển Việt Nam - Chi nhánh Tp. Cần Thơ. 
650 |a Ngân hàng thương mại,Commercial banking 
904 |i Hải 
980 |a Trung tâm Học liệu Trường Đại học Cần Thơ